Ťažiskové princípy controllingu ľudského kapitálu v podniku

Controlling je systém plánovania, kontroly a starostlivosti o informačné toky, ktorého cieľom je neustále prispôsobovanie sa meniacim podmienkam. Ľudský kapitál ako element vzdelania a vedomostí je kľúčovou podmienkou pre rast úspešnej spoločnosti. Úlohy, nástroje a systém hodnotenia controllingu ľu...

Descrizione completa

Salvato in:
Dettagli Bibliografici
Autore principale: Dubcová, Gabriela, 1968-
Altri autori: Foltínová, Ľubica, 1975-
Natura: Capitolo di libro
Lingua:slovacco
Soggetti:
Tags: Aggiungi Tag
Nessun Tag, puoi essere il primo ad aggiungerne!!

MARC

LEADER 00000nla a2200000 4500
001 0160986
005 20240502072808.2
041 0 |a slo 
044 |a SK 
245 1 0 |a Ťažiskové princípy controllingu ľudského kapitálu v podniku  |c Gabriela Dubcová, Ľubica Foltínová 
520 |a Controlling je systém plánovania, kontroly a starostlivosti o informačné toky, ktorého cieľom je neustále prispôsobovanie sa meniacim podmienkam. Ľudský kapitál ako element vzdelania a vedomostí je kľúčovou podmienkou pre rast úspešnej spoločnosti. Úlohy, nástroje a systém hodnotenia controllingu ľudského kapitálu. 
610 2 0 |a kapitál ľudský 
610 2 0 |a zdroje ľudské 
610 2 0 |a kontroling 
610 2 0 |a manažment personálny 
100 1 |a Dubcová, Gabriela, 1968- 
700 1 |a Foltínová, Ľubica, 1975-